Epístola navideña a los XXX años del gran viaje / (Record no. 196607)

MARC details
000 -LEADER
campo de control de longitud fija 01176nam a2200301 i 4500
001 - NÚMERO DE CONTROL
campo de control 196607
003 - IDENTIFICADOR DE NÚMERO DE CONTROL
campo de control ES-MaACL
005 - FECHA Y HORA DE LA ÚLTIMA TRANSACCIÓN
campo de control 20241017171338.0
007 - CAMPO FIJO DE DESCRIPCIÓN FÍSICA--INFORMACIÓN GENERAL
campo de control de longitud fija ta
008 - DATOS DE LONGITUD FIJA--INFORMACIÓN GENERAL
campo de control de longitud fija 241010b1985 sp ||||| |||| 00| 0 spa d
040 ## - FUENTE DE CATALOGACIÓN
Lengua de catalogación spa
Centro/agencia transcriptor ES-MaACL
Centro/agencia modificador ES-MaACL
100 ## - ENTRADA PRINCIPAL--NOMBRE DE PERSONA
Nombre de persona la Lombana y Mijancos, Luis-Carlos de
9 (RLIN) 239121
Término indicativo de función/relación Autor
245 ## - MENCIÓN DEL TÍTULO
Título Epístola navideña a los XXX años del gran viaje /
Mención de responsabilidad, etc. Luis-Carlos de La Lombana y Mijancos
246 ## - FORMA VARIANTE DEL TITULO
Título propio/Titulo breve Epístola navideña a los 30 años del gran viaje
260 ## - PUBLICACIÓN, DISTRIBUCIÓN, ETC.
Lugar de publicación, distribución, etc. [Madrid :
Nombre del editor, distribuidor, etc. s.n.],
Fecha de publicación, distribución, etc. 1985.
300 ## - DESCRIPCIÓN FÍSICA
Extensión [2] p.;
Dimensiones 24 cm
336 ## - TIPO DE CONTENIDO
Fuente rdacontent
Término de tipo de contenido texto
337 ## - TIPO DE MEDIO
Fuente rdamedia
Nombre/término del tipo de medio sin mediación
338 ## - TIPO DE SOPORTE
Fuente rdacarrier
Nombre/término del tipo de soporte volumen
650 #7 - PUNTO DE ACCESO ADICIONAL DE MATERIA--TÉRMINO DE MATERIA
9 (RLIN) 147954
Término de materia o nombre geográfico como elemento de entrada Navidad
655 #7 - TERMINO DE INDIZACIÓN--GENERO/FORMA
Fuente del término tgfbne
9 (RLIN) 176539
Datos o término principal de género/forma Poesías
852 ## - LOCALIZACIÓN
Ubicación ES-MaACL
Ubicación en estantería Depósito folletos
Número de control de estantería FOLL-BUE-62
Anotaciones manuscritas Firma manuscrita del autor, Luis-Carlos de La Lombana y Mijancos, para Antonio Buero Vallejo.
Donativo/Legado Legado: Antonio Buero Vallejo
itemnumber 204322
903 ## - NOMBRE PERSONAL DE DONANTE
9 32421
a Buero Vallejo, Antonio,
q 1
d 1916-2000
e Donante
942 ## - ELEMENTOS DE ENTRADA SECUNDARIOS (KOHA)
Suprimir en OPAC No
Tipo de ítem Koha Folleto
Holdings
Estatus retirado Estado de pérdida Fuente del sistema de clasificación o colocación Estado de daño No para préstamo Colección Biblioteca de origen Biblioteca actual Ubicación en estantería Fecha de adquisición Fuente de adquisición Total de préstamos Signatura topográfica completa Código de barras Visto por última vez Precio de reemplazo Tipo de ítem Koha Nota pública
    Clasificación decimal universal     Libros con dedicatorias Biblioteca del Ateneo de Madrid Biblioteca del Ateneo de Madrid Depósito folletos 10/10/2024 Legado   FOLL-BUE-62 101229145 10/10/2024 10/10/2024 Folleto Firma manuscrita del autor, Luis-Carlos de La Lombana y Mijancos, para Antonio Buero Vallejo.